Responses for Show #4079 - Thursday, May 2, 2002

2002 Million Dollar Masters quarterfinal game 2.

Contestants

[<< previous game]

Kate Waits, a law professor at the University of Tulsa from Tulsa, Oklahoma

Brad Rutter, a network administrator from Lancaster, Pennsylvania

Claudia Perry, a sports copy editor from Jersey City, New Jersey

[next game >>]

Jeopardy! Round responses

ART & ARTISTS
MY FAVORITE FILMS
(Alex: We're going to have a whole category about some of my favorite films.)
BIG CITY LIFE
DISCOVERY CHANNEL
(Alex: They've got an upcoming series called Blue Planet: Seas of Life.)
WORLD WAR I VETS
I'M IN "SEVENTH" HEAVEN
    $200 1
Rodin

Brad
    $200 28
Wuthering Heights

Claudia
    $200 30
(urban) sprawl

Claudia
    $200 24
(Claudia: What is swordfish?)
(Alex: No. Brad or Kate?)
[Claudia rings in again.]
(Claudia: Oh, sorry, I can't do that again!)
(Alex: Good try, though!)

a sailfish

Claudia
Triple Stumper
    $200 17
mustard gas

Brad
    $200 29
the Seventh Amendment

Brad
    $400 2
Henry Moore

Kate
    $400 11
Space Cowboys

Kate
    $400 19
zoning

Kate
    $400 23
the ridge

Brad
    $400 18
(Claudia: Who is Eisenhower?)

(Harry) Truman

ClaudiaBrad
    $400 22
Seventh-day Adventists

Claudia
    $600 8
(Claudia: Who is Raphael?)

Botticelli

Claudia
Triple Stumper
    $1,200 5
(Kate: Ah, that classic line: let's make it a True Daily Double.)
...
(Kate: I was watching it the other night. What is [*]?)

Patton

Kate
    $600 12
a traffic helicopter

Claudia
    $600 25
cilia

Brad
    $600 6
Tito

Brad
    $600 20
(Claudia: What is cheerleading?)

the seventh inning stretch

ClaudiaKate
    $800 9
(Marcel) Duchamp

Claudia
    $800 4
The Man Who Would Be King

Kate
    $800 13
a Bürgermeister

Brad
    $800 26
a sponge

Brad
    $800 16
Ray Kroc

Brad
    $800 15
seventh son of a seventh son

Brad
    $1000 10
Brancusi

Triple Stumper
    $1000 3
Strother Martin

Claudia
    $1000 14
the Emerald Necklace

Claudia
    $1000 27
the Bay of Fundy

Claudia
    $1000 7
[NOTE: "e.e. cummings" was rendered in all-lowercase in the clue as shown.]

Dos Passos

Brad
    $1000 21
(Brad: What is The Seventh Sign?)

The Seventh Seal

ClaudiaBrad

Scores at the first commercial break (after clue 15):

Claudia Brad Kate
$2,800 $3,400 $2,800

Scores at the end of the Jeopardy! Round:

Claudia Brad Kate
$4,400 $5,800 $3,800

Double Jeopardy! Round responses

THE NEW YORK TIMES MAGAZINE
LITERARY MOVEMENTS
MIDDLE AGE FOLKS
OH, NO! IT'S OPERA!
MONSTERS INC.
BE AFRAID, BE VERY AFRAID
[Alex reads category name in Elmer Fudd voice.]
    $400 7
Sunday

Brad
    $400 29
(Claudia: Who are the Pre-Raphaelites?)
(Alex: No.)
[Claudia curses, then apologizes, and the audience laughs]

Romanticism (the Romantics accepted)

ClaudiaBrad
    $400 30
Denmark

Brad
    $400 2
Porgy

Brad
    $400 28
the Loch Ness Monster

Claudia
    $400 14
bees

Kate
    $800 8
color

Claudia
    $800 26
(Claudia: Who are the Fauves?)

realism

Claudia
Triple Stumper
    $2,000 25
Leif Ericson

Claudia
    $800 3
Sir Walter Scott

Brad
    $800 27
(Kate: Who is the whale?)

the Leviathan

Kate
Triple Stumper
    $800 15
(Alex: Yes, for Cats.)

Andrew Lloyd Webber

Brad
    $1200 9
Maidenform

Claudia
    $1200 1
surrealism

Claudia
    $1200 22
(Claudia: Who is St. Francis?)

Thomas Aquinas

ClaudiaBrad
    $1200 4
(Kate: Who is Rossini?)
(Claudia: Who is Leoncavallo?)

Mascagni

ClaudiaBradKate
    $1200 19
(Brad: Who is Beowulf?)

Grendel

ClaudiaBrad
    $1,200 16
(Alex: Fear of Flying was the work.)

Erica Jong

Brad
    $1600 10
[Claudia calls out the next clue before even being ruled correct, prompting the audience to laugh.]

toxic shock

Claudia
    $1600 12
(Brad: What is transcendentalism?)

transcendentalist

Brad
Triple Stumper
    $1600 23
Heloise

Claudia
    $1600 5
Norma

Claudia
    $1600 20
(Brad: Who is the Hydra?)

the Chimera

Brad
Triple Stumper
    $1600 17
doctors

Brad
    $2000 11
Safire

Brad
    $2000 13
[Following her correct response, Kate surveys the remaining clues, then interjects: "Ew!"]

the Harlem Renaissance

Kate
    $2000 24
(Alex: Headed the Icelandic parliament, [*].)

the Althing

Triple Stumper
    $2000 6
Iphigenia

Brad
    $2000 21
the Morlocks

Brad
    $2000 18
(Alex: [*], for Ghosts, yes.)

Ibsen

Brad

Scores at the end of the Double Jeopardy! Round:

Claudia Brad Kate
$12,400 $17,800 $4,200

Final Jeopardy! Round responses

2001 NEWS
(Alex: That's right, it's made mostly of zinc.)
...
(Brad: [Shaking Claudia's hand] See you in the semis!)
KateWhat are subsidies? batteries?
$4,200
ClaudiaWhat is the penny!?
$5,000
BradWhat are pennies?
$7,001
pennies

Final scores:

Claudia Brad Kate
$17,400 $24,801 $0
2nd place: $10,000 if eliminated Automatic semifinalist 3rd place: $10,000 if eliminated

Game dynamics:

Coryat scores:

Claudia Brad Kate
$11,200 $17,800 $3,600
18 R
(including 1 DD),
8 W
26 R
(including 1 DD),
4 W
8 R
(including 1 DD),
2 W

Combined Coryat: $32,600

[game clues] [game scores] [suggest correction]

Game tape date: 2002-03-24
The J! Archive is created by fans, for fans. Scraping, republication, monetization, and malicious use prohibited; this site may use cookies and collect identifying information. See terms. The Jeopardy! game show and all elements thereof, including but not limited to copyright and trademark thereto, are the property of Jeopardy Productions, Inc. and are protected under law. This website is not affiliated with, sponsored by, or operated by Jeopardy Productions, Inc. Join the discussion at JBoard.tv.